List of names and addresses of members (Record no. 105672)

MARC details
000 -LEADER
fixed length control field 00513cam a2200169 4500
001 - CONTROL NUMBER
control field ##L134438
008 - FIXED-LENGTH DATA ELEMENTS--GENERAL INFORMATION
fixed length control field 060807n 000 0 eng u
035 ## - SYSTEM CONTROL NUMBER
System control number (Sirsi) u134438
041 0# - LANGUAGE CODE
Language code of text/sound track or separate title eng
050 04 - LIBRARY OF CONGRESS CALL NUMBER
Classification number 333.0062 $2 18
110 2# - MAIN ENTRY--CORPORATE NAME
Corporate name or jurisdiction name as entry element Valuers, Surveyors and Estate Agents Association of Great Britain
9 (RLIN) 4884
245 00 - TITLE STATEMENT
Title List of names and addresses of members
260 ## - PUBLICATION, DISTRIBUTION, ETC.
Place of publication, distribution, etc. [S.l.]
Name of publisher, distributor, etc. [s.n.]
Date of publication, distribution, etc. 1948 (Margate
Name of publisher, distributor, etc. Cooper)
300 ## - PHYSICAL DESCRIPTION
Extent 42p.
Dimensions 13cm.
690 ## - LOCAL SUBJECT ADDED ENTRY--TOPICAL TERM (OCLC, RLIN)
Topical term or geographic name as entry element PROPERTY-PROPERTY VALUATION AND APPRAISAL
942 ## - ADDED ENTRY ELEMENTS (KOHA)
Suppress in OPAC 0

No items available.